| 000 | 00654nam a22001937a 4500 | ||
|---|---|---|---|
| 005 | 20251108164740.0 | ||
| 008 | 250721s9999 xx 000 0 ara d | ||
| 082 | 1 | 4 | _a414/نوا |
| 100 | 1 |
_aنواصرة، راضي _eمؤلف |
|
| 245 | 1 | 0 | _aالبلاغة و البيان و فصاحة الكلام عند سيدنا الإمام / |
| 264 | 1 |
_aإربد : _bمؤسسة حمادة للدراسات الجامعية، _c[200-]. |
|
| 300 | _a331 ص. | ||
| 650 | 1 | 7 | _aالبلاغه |
| 650 | 1 | 7 | _aالمهارات الخطابيه |
| 650 | 1 | 7 | _aاللغه العربيه |
| 650 | 1 | 7 | _aالاسلوب الادبي |
| 942 |
_2ddc _cBK |
||
| 999 |
_c13386 _d13386 |
||